Mah e Tamam (Record no. 16858)
[ view plain ]
| 000 -LEADER | |
|---|---|
| fixed length control field | 00242nam a22001097a 4500 |
| 008 - FIXED-LENGTH DATA ELEMENTS--GENERAL INFORMATION | |
| fixed length control field | 140109t xxu||||| |||| 00| 0 eng d |
| 020 ## - INTERNATIONAL STANDARD BOOK NUMBER | |
| International Standard Book Number | 969-8109-09-9 |
| 100 ## - MAIN ENTRY--PERSONAL NAME | |
| Personal name | Parveen shakir |
| 9 (RLIN) | 592 |
| 245 ## - TITLE STATEMENT | |
| Title | Mah e Tamam |
| 300 ## - PHYSICAL DESCRIPTION | |
| Extent | 300 |
| 942 ## - ADDED ENTRY ELEMENTS (KOHA) | |
| Source of classification or shelving scheme | |
| Koha item type | Book |
| Withdrawn status | Lost status | Source of classification or shelving scheme | Damaged status | Not for loan | Collection code | Permanent Location | Current Location | Date acquired | Total Checkouts | Full call number | Barcode | Date last seen | Price effective from | Koha item type |
|---|---|---|---|---|---|---|---|---|---|---|---|---|---|---|
| Atta-ur-Rahman School of Applied Biosciences (ASAB) | Atta-ur-Rahman School of Applied Biosciences (ASAB) | 01/09/2014 | 891.4391 Shakir | ASAB2847 | 01/09/2014 | 01/09/2014 | Book | |||||||
| Atta-ur-Rahman School of Applied Biosciences (ASAB) | Atta-ur-Rahman School of Applied Biosciences (ASAB) | 01/09/2014 | 891.4391 Shakir | ASAB2846 | 01/09/2014 | 01/09/2014 | Book | |||||||
| Atta-ur-Rahman School of Applied Biosciences (ASAB) | Atta-ur-Rahman School of Applied Biosciences (ASAB) | 01/09/2014 | 891.4391 Shakir | ASAB2845 | 01/09/2014 | 01/09/2014 | Book | |||||||
| Atta-ur-Rahman School of Applied Biosciences (ASAB) | Atta-ur-Rahman School of Applied Biosciences (ASAB) | 01/09/2014 | 891.4391 Shakir | ASAB2844 | 01/09/2014 | 01/09/2014 | Book | |||||||
| Atta-ur-Rahman School of Applied Biosciences (ASAB) | Atta-ur-Rahman School of Applied Biosciences (ASAB) | 01/09/2014 | 891.4391 Shakir | ASAB2843 | 12/14/2015 | 01/09/2014 | Book |
